000 00955nam a2200253Ia 4500
003 OSt
005 20220923214552.0
006 a|||||r|||| 00| 0
007 ta
008 220922b |||||||| |||| 00| 0 hin d
024 _a170,854
037 _cTextual
040 _aARTS
_cARTS
_bhin
041 _2hin
_ahin
082 _aO152,3N11x, L1
100 _aवात्स्यायन, सच्चिदानन्द हीरानन्द
_9163381
245 0 _aकड़ियां और अन्य कहानियां
246 _aKaड़iyāan aur anya kahāniyāan
260 _aइलाहाबाद
_b सरस्वती प्रेस
_c1971
300 _a174पृ.
_ccm.
650 _aहिन्दी साहित्य
_9156264
942 _hO152,3N11x, L1
_cTEXL
_2CC
999 _c325138
_d325138